El Servei local de garantia social
Descripción Física:
131 p. ; 30 cm
MARC
| LEADER | 00000nam a2200000Ia 4500 | ||
|---|---|---|---|
| 001 | 24241 | ||
| 003 | BGR | ||
| 005 | 20260324180610.0 | ||
| 008 | 160829s1999 xx 000 0 cat d | ||
| 080 | |a Bib-201 | ||
| 245 | |a El Servei local de garantia social | ||
| 260 | |a Barcelona : |b Diputació de Barcelona, Àrea d'Educació, |c 1999 | ||
| 300 | |a 131 p. ; |c 30 cm | ||
| 590 | |a Participen: Grup de Recerca Educació i Treball (GRET) i Institut de Ciències de l'educació (Universitat Autònoma de Barcelona) | ||
| 650 | |a Integració social |x Barcelona (província) |9 49687 | ||
| 650 | 0 | |a Administració local |z Barcelona |9 40043 | |
| 651 | 0 | |a Barcelona (Catalunya : Província) |x Política social |9 53862 | |
| 710 | |a Barcelona (Catalunya : Província). |b Àrea d'Educació |9 8009 | ||
| 710 | |a Grup de Recerca Educació i Treball (GRET) |9 67084 | ||
| 710 | 1 | |a Universitat Autònoma de Barcelona. |b Institut de Ciències de l'Educació |9 54205 | |
| 901 | |a Arxiu | ||
| 942 | |n 1 |2 udc |c MON | ||
| 952 | |0 0 |1 0 |4 0 |6 BIB201 |7 1 |9 55534 |a Arxiu |b Arxiu |d 2016-12-01 |l 0 |o Bib-201 |p 24241 |r 2016-12-01 00:00:00 |w 2016-12-01 |y ARXIU | ||
| 999 | |c 59407 |d 59407 | ||